000 00530nam a2200205Ia 4500
003 OSt
005 20230511161657.0
008 210423s2008 xx 000 0 und d
020 _a8181478150
040 _cAL
041 _aeng
082 _a574.88
_223
_b RASV
100 _aRASTOGI (Veer Bala).
_9103897
245 _aFundamentals of molecular biology.
260 _aNew Delhi
_bAne Books India
_c2008
300 _axxii,442
_bPB
365 _b350
_cINR
906 _abiology. ; Fundamentals ; molecular
942 _2ddc
_cBK
999 _c164336
_d164336